LEADER 01042nam--2200373---450- 001 990005936230203316 005 20140312114913.0 010 $a978-88-430-7115-9 035 $a000593623 035 $aUSA01000593623 035 $a(ALEPH)000593623USA01 035 $a000593623 100 $a20140312d2014----km-y0itay50------ba 101 $aita 102 $aIT 105 $a||||||||001yy 200 1 $aSemiotica dell'investigazione$fEduardo Grillo 210 $aRoma$cCarocci$d2014 215 $a109 p.$d22 cm 225 2 $aBussole$v488 410 0$12001$aBussole$v488 454 1$12001 606 0 $aIndagine di polizia giudiziaria$2BNCF 676 $a363.25 700 1$aGRILLO,$bEduardo$0618656 801 0$aIT$bsalbc$gISBD 912 $a990005936230203316 951 $aIV.2. 2538$b244255 L.M.$cIV.2.$d00353147 959 $aBK 969 $aUMA 979 $aALESSANDRA$b90$c20140312$lUSA01$h1140 979 $aALESSANDRA$b90$c20140312$lUSA01$h1149 996 $aSemiotica dell'investigazione$91071706 997 $aUNISA